[Event "MPL 47th National Women Chess-ch 2022"]
[Site "Odisha"]
[Date "2022.02.25"]
[Round "1.2"]
[White "Kulkarni Bhakti"]
[Black "Mrittika Mallick"]
[Result "0-1"]
[WhiteElo "2388"]
[BlackElo "1666"]
[Annotator "ChessBase"]
[PlyCount "160"]
[EventDate "2022.02.25"]
[EventCountry "IND"]
[SourceTitle "playchess.com"]
[Source "ChessBase"]
[SourceQuality "1"]
[TimeControl "5400+30"]

1. d4 {[%emt 0:00:06]} d5 {[%emt 0:00:15]} 2. Nf3 {[%emt 0:00:20]} Nf6 {[%emt 0:00:26]} 3. Bf4 {[%emt 0:01:18]} c5 {[%emt 0:01:42]} 4. e3 {[%emt 0:00:09]} Nc6 {[%emt 0:00:48]} 5. c3 {[%emt 0:01:48]} cxd4 {[%emt 0:01:08]} 6. exd4 {[%emt 0:01:55]} Bf5 {[%emt 0:00:50]} 7. Qb3 {[%emt 0:04:41]} Qc8 {[%emt 0:03:28]} 8. Be2 {[%emt 0:00:18]} e6 {[%emt 0:00:43]} 9. O-O {[%emt 0:00:49]} Be7 {[%emt 0:00:40]} 10. h3 {[%emt 0:01:38]} h6 {[%emt 1:25:30]} 11. Nbd2 O-O 12. Rfe1 a6 {[%emt 0:00:00]} 13. a4 Re8 {[%emt 0:00:00]} 14. Bf1 Ne4 {[%emt 0:00:00]} 15. Nxe4 Bxe4 {[%emt 0:00:00]} 16. Qd1 Bf6 {[%emt 0:00:00]} 17. Bd3 Bxd3 {[%emt 0:00:00]} 18. Qxd3 Qd8 {[%emt 0:00:00]} 19. Re2 Rc8 {[%emt 0:00:00]} 20. Kh1 Na5 {[%emt 0:00:00]} 21. Rg1 Nc4 {[%emt 0:00:00]} 22. g4 Nd6 {[%emt 0:00:00]} 23. g5 hxg5 {[%emt 0:00:00]} 24. Nxg5 Nf5 {[%emt 0:00:00]} 25. Qf3 Bxg5 {[%emt 0:00:00]} 26. Bxg5 f6 {[%emt 0:00:00]} 27. Bd2 Qd7 {[%emt 0:00:00]} 28. b3 b5 {[%emt 0:00:00]} 29. axb5 axb5 {[%emt 0:00:00]} 30. b4 Rf8 {[%emt 0:00:00]} 31. Qg4 Rce8 {[%emt 0:00:00]} 32. Rge1 Re7 {[%emt 0:00:00]} 33. h4 Ree8 {[%emt 0:00:00]} 34. h5 Qf7 {[%emt 0:00:00]} 35. Rg1 Kh8 {[%emt 0:00:00]} 36. f3 Kh7 {[%emt 0:00:00]} 37. Rge1 Kh8 {[%emt 0:00:00]} 38. Bf4 Re7 {[%emt 0:00:00]} 39. Qh3 Rc8 {[%emt 0:00:00]} 40. Bd2 Ra8 {[%emt 0:00:00]} 41. Rg1 Kh7 {[%emt 0:00:00]} 42. Reg2 Rh8 {[%emt 0:00:00]} 43. Rg6 Kg8 {[%emt 0:00:00]} 44. h6 Kf8 {[%emt 0:00:00]} 45. Qh2 Rb7 {[%emt 0:00:00]} 46. Bf4 Ke8 {[%emt 0:00:00]} 47. Qa2 Ra7 {[%emt 0:00:00]} 48. Qe2 Rb7 {[%emt 0:00:00]} 49. Qh2 Rd7 {[%emt 0:00:00]} 50. Qe2 Rb7 {[%emt 0:00:00]} 51. Qh2 Rd7 {[%emt 0:00:00]} 52. Bc1 Rb7 {[%emt 0:00:00]} 53. R1g4 Kf8 {[%emt 0:00:00]} 54. Kg1 gxh6 {[%emt 0:00:00]} 55. Bf4 Ke8 {[%emt 0:00:00]} 56. Bd2 h5 {[%emt 0:00:00]} 57. Rg2 Kd8 {[%emt 0:00:00]} 58. Rxf6 Qd7 {[%emt 0:00:00]} 59. Qe5 Re8 {[%emt 0:00:00]} 60. Rgg6 Nh4 {[%emt 0:00:00]} 61. Rg5 Qh7 {[%emt 0:00:00]} 62. Qd6+ Qd7 {[%emt 0:00:00]} 63. Qf4 Nf5 {[%emt 0:00:00]} 64. Rxh5 Qg7+ {[%emt 0:00:00]} 65. Qg4 Qc7 {[%emt 0:00:00]} 66. Rg5 Qh7 {[%emt 0:00:00]} 67. Rfg6 Ra7 {[%emt 0:00:00]} 68. Rh5 Qd7 {[%emt 0:00:00]} 69. Rg8 Ra1+ {[%emt 0:00:00]} 70. Kf2 Ra2 {[%emt 0:00:00]} 71. Ke1 Kc7 {[%emt 0:00:00]} 72. Rxe8 Qxe8 {[%emt 0:00:00]} 73. Rh7+ Kb6 {[%emt 0:00:00]} 74. Bf4 Qc6 {[%emt 0:00:00]} 75. Rc7 Ra1+ {[%emt 0:00:00]} 76. Kf2 Qa8 {[%emt 0:00:00]} 77. Qg5 Qa2+ {[%emt 0:00:00]} 78. Bd2 Kxc7 {[%emt 0:00:00]} 79. Qf4+ Kc6 {[%emt 0:00:00]} 80. Qg5 Qb1 {[%emt 0:00:00]} 0-1

[Event "MPL 47th National Women Chess-ch 2022"]
[Site "Odisha"]
[Date "2022.02.25"]
[Round "1.3"]
[White "Shaati Majumder"]
[Black "Nandhidhaa, P V"]
[Result "0-1"]
[WhiteElo "1636"]
[BlackElo "2380"]
[Annotator "TA"]
[PlyCount "64"]
[EventDate "2022.02.25"]
[EventCountry "IND"]
[SourceTitle "playchess.com"]
[Source "ChessBase"]
[SourceQuality "1"]

{[%evp 10,64,-8,-5,-9,-30,-22,-13,-27,-23,-18,-20,-27,-26,-24,-45,34,-31,6,15,23,32,35,9,26,0,0,-6,0,-42,-36,-49,-62,-62,-61,-58,-54,-58,-54,-58,-60,-63,-53,-65,-52,-115,-109,-104,-103,-226,-183,-512,-504,-616,-604,-585,-579]} 1. e4 c5 2. Nf3 Nc6 3. c4 e5 4. Nc3 d6 5. h3 g6 6. d3 h6 {B30: Sicilian: 2...Nc6 3 Bb5, lines without ...g6.} 7. g3 Bg7 8. Bg2 Nge7 {The position is equal.} 9. O-O O-O 10. a3 {[#]} a5 $146 ({Predecessor:} 10... f5 11. Rb1 a5 12. Nd5 Kh7 13. Bd2 Nxd5 14. cxd5 Ne7 15. b4 axb4 16. axb4 b6 17. bxc5 bxc5 {½-½ (100) Hardaway,B (1907)-Real de Azua,E (2440) Chess.com INT 2021}) 11. Bd2 f5 12. Rb1 Nd4 (12... f4 $15) 13. Kh2 (13. exf5 $14 Nexf5 14. Nd5) 13... Nxf3+ 14. Bxf3 Nc6 15. exf5 Bxf5 {[%cal Bc8f5,Bf5e6,Be6d5][%mdl 32]} 16. Bd5+ Kh7 17. Ne4 Qd7 18. g4 Be6 19. Bxc6 (19. Qa4 $11 {feels stronger.}) 19... Qxc6 $15 20. Qe2 a4 21. b4 axb3 $1 22. Rxb3 d5 23. cxd5 Bxd5 24. Rc3 b6 {[%cal Bb7b6,Bb6b5][%mdl 32]} 25. f3 Rf7 26. Be3 Raf8 {[%cal Oc5c4]} 27. Bc1 {[#]} ({White should play} 27. Kg2 $15) 27... c4 $1 $17 28. Qe3 {[%cal Oa3a4]} b5 29. Kg2 {Loses the game.} (29. Bd2 $17) 29... Qa8 {Threatens to win with ...cxd3.} 30. Nd2 $2 (30. g5) 30... cxd3 $19 {[%cal Oe5e4] White must now prevent ...e4! Black is clearly winning.} 31. Rxd3 e4 $1 {[%cal Be5e4,Be4f3][%mdl 32]} 32. Rxd5 exf3+ {Weighted Error Value: White=0.33/Black=0.10 (very precise)} ({Worse is} 32... Qxd5 33. Nxe4 g5 34. Bd2 $17) 0-1

[Event "MPL 47th National Women Chess-ch 2022"]
[Site "Odisha"]
[Date "2022.02.25"]
[Round "1.4"]
[White "Gomes, Mary Ann"]
[Black "Sai Mahati A"]
[Result "1-0"]
[WhiteElo "2361"]
[BlackElo "1608"]
[Annotator "TA"]
[PlyCount "45"]
[EventDate "2022.02.25"]
[EventCountry "IND"]
[SourceTitle "playchess.com"]
[Source "ChessBase"]
[SourceQuality "1"]

{[%evp 15,45,0,22,18,24,27,23,25,22,29,42,-6,67,45,20,16,41,32,56,13,25,0,0,0,90,85,254,179,296,295,852,830]} 1. Nf3 Nf6 2. g3 d5 3. Bg2 c5 4. c4 e6 5. O-O Be7 6. b3 O-O 7. Bb2 {7.cxd5 injects fresh life into this line.} Nc6 8. e3 Bd7 9. Qe2 {A14: English Opening: 1...e6 with b3 by White.} a6 {[#]} 10. d4 $146 ({Predecessor:} 10. Rd1 Rc8 11. d3 Qc7 12. Nbd2 Rfd8 13. Rac1 dxc4 14. Nxc4 Be8 15. d4 b5 16. Nce5 Nxe5 17. Nxe5 {1-0 (74) Eingorn,V (2592)-Dgebuadze,A (2541) Bad Woerishofen 1999}) 10... cxd4 11. exd4 {White has an edge.} dxc4 12. bxc4 Rc8 13. Ne5 (13. Nbd2 $14) 13... Qb6 ({Better is} 13... b5 $11) 14. Nxd7 (14. Rd1 {feels hotter.} Rfd8 15. c5 Qa7 16. Nc4 Nb4 17. Bc3) 14... Nxd7 15. c5 Qc7 16. Na3 Bf6 17. Rfd1 (17. Rad1 $14 {was preferrable.}) 17... e5 18. Bxc6 Qxc6 19. dxe5 {[%cal Bd4e5,Be5f6][%mdl 32]} Rfe8 {[#]} (19... Nxe5 $11 20. Bxe5 Rce8) 20. Nc4 $1 $16 {And now Rd6 would win.} ({Don't do} 20. Rd6 Qc7 $14) 20... Rcd8 $2 (20... Nxc5 $2 21. Nd6 Be7 22. Nxe8 Rxe8 23. Rac1 $18) (20... Nxe5 $16 {keeps fighting.} 21. Nxe5 (21. Bxe5 Qxc5 22. Qb2 Bxe5 $11) 21... Bxe5) 21. Rd6 Qc7 (21... Qxc5 $142 22. Rxd7 Rxd7) 22. Rad1 $18 Nxc5 $2 {[#]} (22... Nf8 23. Rxd8 Bxd8) 23. exf6 $1 {[%mdl 512] Weighted Error Value: White=0.16 (very precise) /Black=0.58} 1-0

[Event "MPL 47th National Women Chess-ch 2022"]
[Site "Odisha"]
[Date "2022.02.25"]
[Round "1.5"]
[White "Nisha, N. Patkar"]
[Black "Soumya, Swaminathan"]
[Result "0-1"]
[WhiteElo "1584"]
[BlackElo "2360"]
[Annotator "ChessBase"]
[PlyCount "68"]
[EventDate "2022.02.25"]
[EventCountry "IND"]
[SourceTitle "playchess.com"]
[Source "ChessBase"]
[SourceQuality "1"]
[TimeControl "5400+30"]

1. e4 {[%emt 0:00:06]} c5 {[%emt 0:00:13]} 2. Nf3 {[%emt 0:00:18]} Nc6 {[%emt 0:00:11]} 3. Bb5 {[%emt 0:00:23]} g6 {[%emt 0:00:44]} 4. O-O {[%emt 0:00:37]} Bg7 {[%emt 0:00:30]} 5. Re1 {[%emt 0:00:46]} e5 {[%emt 0:01:09]} 6. c3 {[%emt 0:03:30]} Nge7 {[%emt 0:02:57]} 7. d4 exd4 {[%emt 0:00:30]} 8. Bf4 a6 {[%emt 0:00:30]} 9. Bc4 d6 {[%emt 0:00:30]} 10. Ng5 O-O {[%emt 0:00:30]} 11. Qf3 Qe8 {[%emt 0:00:30]} 12. Bxd6 Ne5 {[%emt 0:00:30]} 13. Qe2 Qd7 {[%emt 0:00:30]} 14. Bxe5 Bxe5 {[%emt 0:00:30]} 15. cxd4 cxd4 {[%emt 0:00:30]} 16. Nd2 b5 {[%emt 0:00:30]} 17. Bd3 f6 {[%emt 0:00:30]} 18. Ngf3 Kg7 {[%emt 0:00:30]} 19. Nb3 Qd6 {[%emt 0:00:30]} 20. h3 Be6 {[%emt 0:00:30]} 21. Nfd2 g5 {[%emt 0:00:30]} 22. Rec1 Rfc8 {[%emt 0:00:30]} 23. Qf1 h5 {[%emt 0:00:30]} 24. Rxc8 Rxc8 {[%emt 0:00:30]} 25. Rc1 Rg8 {[%emt 0:00:30]} 26. a4 Bf4 {[%emt 0:00:30]} 27. Rc2 g4 {[%emt 0:00:30]} 28. hxg4 Bh2+ {[%emt 0:00:30]} 29. Kh1 hxg4 {[%emt 0:00:30]} 30. g3 Bxg3 {[%emt 0:00:30]} 31. Qg2 Rh8+ {[%emt 0:00:30]} 32. Kg1 Bh2+ {[%emt 0:00:30]} 33. Kf1 g3 {[%emt 0:00:30]} 34. Ke1 Bh3 {[%emt 0:00:30]} 0-1

[Event "MPL 47th National Women Chess-ch 2022"]
[Site "Odisha"]
[Date "2022.02.25"]
[Round "1.6"]
[White "Padmini, Rout"]
[Black "Bindu, Saritha K."]
[Result "1-0"]
[WhiteElo "2350"]
[BlackElo "1580"]
[Annotator "TA"]
[PlyCount "40"]
[EventDate "2022.02.25"]
[EventCountry "IND"]
[SourceTitle "playchess.com"]
[Source "ChessBase"]
[SourceQuality "1"]

{[%evp 20,22,70,51,85]} 1. e4 d5 2. exd5 Qxd5 3. Nc3 Qa5 4. d4 Nf6 5. Nf3 c6 6. Bc4 Bg4 7. h3 Bxf3 8. Qxf3 e6 9. Bd2 Qc7 10. O-O-O Nbd7 11. g4 {White is more active.} Nb6 {[#] B01: Scandinavian Defence.} {Predecessor:} 12. Bb3 $146 O-O-O 13. g5 Ne8 14. Ne4 Nd6 15. Bf4 Nd5 16. Be5 Qd7 17. Nxd6+ Bxd6 18. c4 Nc7 19. Bxg7 Rhg8 20. Bf6 Be7 {1-0 (63) Sethuraman,S (2673)-Akobian,V (2641) Saint Louis 2018} 1-0

[Event "MPL 47th National Women Chess-ch 2022"]
[Site "Odisha"]
[Date "2022.02.25"]
[Round "1.7"]
[White "Mudaliar Nandini"]
[Black "Pratyusha, Bodda"]
[Result "0-1"]
[WhiteElo "1512"]
[BlackElo "2328"]
[Annotator "TA"]
[PlyCount "73"]
[EventDate "2022.02.25"]
[EventCountry "IND"]
[SourceTitle "playchess.com"]
[Source "ChessBase"]
[SourceQuality "1"]

{[%evp 13,73,19,14,0,0,-7,0,0,0,0,4,-42,-43,-48,38,-3,39,0,247,33,50,52,289,-95,-58,-84,128,-80,110,82,112,-115,0,-156,31,-278,-275,-291,-287,-288,-217,-211,-228,-301,-302,-726,-759,-695,-678,-995,-982,-978,-967,-1685,-1651,-1593,-1504,-2182,-2081,-2228,-2132,-3535]} 1. d4 d5 2. Nf3 Nf6 3. c4 e6 4. Nc3 Be7 5. e3 O-O 6. Bd3 b6 7. cxd5 exd5 8. h3 {D37: Queen's Gambit Declined: 5 Bf4.} Re8 9. O-O Bd6 {[#]} 10. Nb5 $146 {The position is equal.} ({Predecessor:} 10. Qc2 c5 11. b3 Nc6 12. a3 Bb7 13. Bb2 cxd4 14. exd4 g6 15. b4 Rc8 16. Qa4 Bb8 17. Rfe1 Qd6 18. Nb5 Qf8 19. Nc3 Qd6 20. Nb5 {½-½ (20) Postny,E (2603)-Holm,K (2465) Fagernes 2020}) 10... Bf8 11. Qc2 c5 12. Nc3 (12. b3 $11) 12... Nc6 $15 13. a3 a6 ({Black should play} 13... c4 $15 14. Be2 g6) 14. b3 (14. dxc5 $14 bxc5 15. Rd1) 14... Bd6 (14... Na5 $11) 15. Rd1 Qe7 $2 (15... cxd4 $11 {and Black stays safe.} 16. Nxd5 Bh2+ 17. Kxh2 Qxd5) 16. Bb2 $2 ({White must play} 16. dxc5 $18 bxc5 17. Nxd5 $1 {[%mdl 512]} Nxd5 18. Bxh7+ Kf8 19. Rxd5) 16... Be6 17. Na4 Rec8 $2 (17... c4 $1 $14) 18. b4 $2 (18. Nxb6 $18 cxd4 19. Nxa8) 18... c4 19. Be2 Qe8 $2 (19... Qc7 $17) 20. Ne5 $2 (20. Nxb6 $16 {Black must now prevent Ng5.} Rab8 21. Nxc8 Rxc8 22. Nd2) 20... a5 $2 (20... Bc7 $17 {keeps the pressure on.}) 21. b5 Na7 22. f4 $2 (22. Nxb6 $16 {is forced if you want to stay better. Hoping for a4.} Nxb5 23. Nxa8 (23. Nxc8 Qxc8 24. f3 a4 $16) 23... Rxa8 24. a4) 22... Nxb5 ({Don't play} 22... Qxb5 $6 23. Bf3 $15) (22... Rab8 $17 {Strongly threatening ...Ne4.} 23. Nc3 (23. f5 $2 Bd7 $19) 23... Nxb5) 23. Bf3 {Prevents Ne4.} (23. Nxb6 $11 Bc7 24. Nxa8 (24. Nxc8 Rxc8 25. g4 c3 $11) 24... Rxa8 25. g4) 23... Nc7 $2 (23... c3 $17 24. Bxc3 Rxc3 $1 {[%mdl 512]} 25. Nxc3 Rc8) 24. Nc3 {[%mdl 8192] [#]} (24. Nxb6 $14 {was forced to keep a grip.} Rab8 25. Nxc8 Qxc8 26. g4) 24... b5 $1 $19 25. g4 b4 26. Ne2 Bd7 {Threatens to win with ...Ba4.} 27. axb4 axb4 {aiming for ...Ba4.} 28. Rxa8 Rxa8 29. g5 $2 {[#]} (29. Rc1) 29... Ba4 $1 {Black is clearly winning.} 30. Qc1 (30. Qb1 Bxd1) 30... Bxd1 31. gxf6 Bxe2 32. Bxe2 c3 33. fxg7 cxb2 34. Qxb2 Bxe5 35. dxe5 Qa4 36. Kf2 b3 {And now ...Qa2 would win.} 37. Kg3 {Weighted Error Value: White=1.36/Black=0.66} 0-1

[Event "MPL 47th National Women Chess-ch 2022"]
[Site "Odisha"]
[Date "2022.02.25"]
[Round "1.8"]
[White "Divya Deshmukh"]
[Black "Varshita Jain"]
[Result "1/2-1/2"]
[WhiteElo "2301"]
[BlackElo "1491"]
[Annotator "ChessBase"]
[PlyCount "109"]
[EventDate "2022.02.25"]
[EventCountry "IND"]
[SourceTitle "playchess.com"]
[Source "ChessBase"]
[SourceQuality "1"]
[TimeControl "5400+30"]

1. Nf3 {[%emt 0:00:26]} d5 {[%emt 0:00:10]} 2. b3 {[%emt 0:00:19]} Nf6 {[%emt 0:00:28]} 3. Bb2 {[%emt 0:00:03]} c5 {[%emt 1:31:22]} 4. g3 Nc6 5. Bg2 d4 6. d3 e5 7. Nbd2 Bd6 8. e3 O-O 9. O-O Re8 10. a4 Rb8 11. Nc4 Bc7 12. Nfd2 Ne7 13. Re1 a6 {[%emt 0:00:00]} 14. exd4 exd4 {[%emt 0:00:00]} 15. a5 Be6 {[%emt 0:00:00]} 16. Ba3 Ned5 {[%emt 0:00:00]} 17. Ne4 Nxe4 {[%emt 0:00:00]} 18. dxe4 Nc3 {[%emt 0:00:00]} 19. Qd3 Bxa5 {[%emt 0:00:00]} 20. Bxc5 Bxc4 {[%emt 0:00:00]} 21. Qxc4 b6 {[%emt 0:00:00]} 22. Ba3 Nb5 {[%emt 0:00:00]} 23. b4 Nxa3 {[%emt 0:00:00]} 24. Rxa3 b5 {[%emt 0:00:00]} 25. Qb3 Bb6 {[%emt 0:00:00]} 26. Rxa6 d3 {[%emt 0:00:00]} 27. cxd3 Qd4 {[%emt 0:00:00]} 28. Ra2 Ra8 {[%emt 0:00:00]} 29. Ree2 Red8 {[%emt 0:00:00]} 30. Bf1 g6 {[%emt 0:00:00]} 31. Rec2 Rxa2 {[%emt 0:00:00]} 32. Rxa2 Rc8 {[%emt 0:00:00]} 33. Qb2 Rc3 {[%emt 0:00:00]} 34. Ra8+ Kg7 {[%emt 0:00:00]} 35. Rb8 Rb3 {[%emt 0:00:00]} 36. Qxd4+ Bxd4 {[%emt 0:00:00]} 37. Rxb5 Rb2 {[%emt 0:00:00]} 38. Rd5 Bxf2+ {[%emt 0:00:00]} 39. Kh1 Rxb4 {[%emt 0:00:00]} 40. Bh3 Rd4 {[%emt 0:00:00]} 41. Rxd4 Bxd4 {[%emt 0:00:00]} 42. Kg2 Kf6 {[%emt 0:00:00]} 43. Bd7 Ke5 {[%emt 0:00:00]} 44. Kf3 f5 {[%emt 0:00:00]} 45. Bc6 h6 {[%emt 0:00:00]} 46. Bb7 Bc3 {[%emt 0:00:00]} 47. Ba8 h5 {[%emt 0:00:00]} 48. exf5 Kxf5 {[%emt 0:00:00]} 49. Be4+ Kf6 {[%emt 0:00:00]} 50. Ke3 g5 {[%emt 0:00:00]} 51. d4 Bb4 {[%emt 0:00:00]} 52. Bf3 h4 {[%emt 0:00:00]} 53. gxh4 Bd6 {[%emt 0:00:00]} 54. h3 Bf4+ {[%emt 0:00:00]} 55. Kd3 1/2-1/2

[Event "MPL 47th National Women Chess-ch 2022"]
[Site "Odisha"]
[Date "2022.02.25"]
[Round "1.9"]
[White "Azal Nasir"]
[Black "Priyanka Nutakki"]
[Result "0-1"]
[WhiteElo "1459"]
[BlackElo "2301"]
[Annotator "TA"]
[PlyCount "88"]
[EventDate "2022.02.25"]
[EventCountry "IND"]
[SourceTitle "playchess.com"]
[Source "ChessBase"]
[SourceQuality "1"]

{[%evp 12,88,21,2,9,0,0,6,4,-14,0,2,51,0,65,0,48,-41,-37,-32,0,-52,-52,-55,-43,-60,0,-114,-116,-112,-108,-133,-128,-135,-136,-125,-129,-166,-155,-184,-182,-239,-229,-306,-275,-346,-339,-461,-442,-430,-442,-432,-414,-436,-426,-418,-426,-513,-518,-527,-516,-542,-526,-582,-581,-562,-564,-599,-567,-914,-906,-909,-904,-888,-885,-1990,-1545,-1473,-1427]} 1. e4 e6 2. d4 d5 3. exd5 exd5 4. Nf3 Nf6 5. Bd3 Bd6 6. O-O O-O 7. Re1 c6 {C01: French: Exchange Variation.} 8. Bg5 Bg4 9. Nbd2 Nbd7 {The position is equal.} 10. c4 Qc7 {[%cal Od6h2]} 11. h3 Be6 {[#]} (11... dxc4 $11 12. Nxc4 Bh5) 12. Qc2 $146 (12. c5 $14 Bf4 13. Bxf4 Qxf4 14. b4) ({Predecessor:} 12. Rc1 Bf4 13. Qb3 Bxg5 14. Nxg5 Rae8 15. Ndf3 h6 16. Nxe6 Rxe6 17. cxd5 Rxe1+ 18. Nxe1 {1-0 (34) Sintive,X (1800)-Lamerant,H Bethune 2000}) 12... h6 {[#]} (12... dxc4 $1 $11 13. Nxc4 h6 14. Nxd6 Qxd6) 13. Be3 (13. c5 $1 $14 Bf4 14. Bxf4 Qxf4 15. Rab1) 13... Rfe8 (13... dxc4 $11 14. Nxc4 Bxc4 15. Qxc4 Nb6) 14. Nh4 ({White should try} 14. c5 $14 Bf4 15. Bxf4 Qxf4 16. b4) 14... Bh2+ 15. Kh1 Bf4 16. Nf5 (16. c5 $11) 16... dxc4 $15 17. Nxc4 Nd5 {[%cal Bf6d5,Bd5b4,Bb4d3][%mdl 32]} 18. Bxf4 Qxf4 ({Black should play} 18... Nxf4 $15 19. Ncd6 Red8) 19. Ncd6 {[#]} (19. Nfd6 $11 {remains equal.}) 19... Bxf5 $1 $17 {White is now going downhill.} 20. Nxf5 g6 21. Ng3 {[%cal Od3g6]} Nb4 {Black is more active. Pair of Knights!} 22. Qc3 Nxd3 ({Resist} 22... Qxf2 23. Ne4 Rxe4 24. Bxe4 $18) 23. Qxd3 Qxf2 24. Qc3 Nb6 25. Ne4 Qf4 26. Nc5 (26. Qc2 $142) 26... Nd5 $19 27. Qb3 b6 28. Rf1 Qxd4 29. Nd7 Red8 30. Rad1 Qg7 31. Rxd5 cxd5 32. Nf6+ Kh8 33. Nxd5 Qe5 34. Nf4 {Black is clearly winning.} Rd7 35. Nd3 Qd5 36. Qc3+ Qd4 37. Qc6 Rad8 ({And not} 37... Qxd3 38. Qxa8+ Kg7 39. Qf3 $17) 38. Rf3 Kg8 39. Qc2 Re7 {White must now prevent ...Re3.} 40. Nf2 Re1+ 41. Kh2 Qe5+ 42. g3 Re3 43. Rf4 Rd4 {Strongly threatening ...g5.} 44. Qc8+ Kg7 {Weighted Error Value: White=0.40/Black=0.13 (very precise)} 0-1

[Event "MPL 47th National Women Chess-ch 2022"]
[Site "Odisha"]
[Date "2022.02.25"]
[Round "1.10"]
[White "Rakshitta Ravi"]
[Black "Vakcheri Mohitha"]
[Result "1-0"]
[WhiteElo "2278"]
[BlackElo "1459"]
[Annotator "TA"]
[PlyCount "79"]
[EventDate "2022.02.25"]
[EventCountry "IND"]
[SourceTitle "playchess.com"]
[Source "ChessBase"]
[SourceQuality "1"]

{[%evp 20,79,25,-21,-18,-37,16,25,41,31,43,49,47,36,40,39,80,79,73,68,68,55,131,131,165,164,180,164,190,184,268,245,326,325,377,313,368,369,443,375,374,366,559,562,774,789,798,749,781,769,1016,1003,1296,1258,1386,1371,1396,1374,1420,1353,1789,1747]} 1. e4 c5 2. Nf3 g6 3. d4 cxd4 4. Nxd4 Bg7 5. Nc3 Nc6 6. Be3 Nf6 7. Nb3 O-O 8. Be2 d6 9. O-O {[%cal Bh1f1,Bf1f2,Bf2d2][%mdl 32]} Be6 10. f4 Rc8 {is currently scoring better than 10...Qc8.} 11. Bf3 (11. Rb1 $142) 11... Bc4 $11 {B74: Sicilian Dragon: Classical System with 9 Nb3.} 12. Rf2 Qc7 ({Black should play} 12... e5 $15) 13. Nd5 Nxd5 {White has an edge.} 14. exd5 Nb4 15. c3 $1 Nd3 16. Rd2 Nc5 {[#]} 17. Nd4 $146 ({Predecessor:} 17. Nxc5 dxc5 18. Qc2 Bb5 19. Rad1 Rcd8 20. Kh1 b6 21. c4 Bd7 22. a3 h5 23. Be4 {0-1 (65) Jeda,M (1917)-Kusnetsov,I (2094) Krakow 2019}) 17... a5 (17... e5 $14 18. fxe5 Bxe5) 18. b3 $16 Ba6 19. Rc1 b5 20. Nc6 Bb7 ({Better is} 20... Rfe8 $1 $14) 21. Na7 {[%csl LRb5,LRc8] White is more active.} Rb8 {[%cal Ob7d5]} 22. Nxb5 Qb6 23. a4 {[#] Threatens to win with b4.} Qd8 24. b4 {[%cal Bb3b4,Bb4b5,Bb5b6,Bb6c7][%mdl 32]} Nd7 (24... Na6 $142 25. Qb3 Bc8) 25. Qb3 Ba6 26. Na7 Nb6 27. Nc6 Qc7 28. b5 ({Don't do} 28. Nxb8 Rxb8 29. Rdd1 (29. bxa5 $2 Nc4 $19) 29... Bc4 $18) 28... Nd7 29. Qc4 Nb6 30. Qe4 Bb7 (30... Bc8 {is a better defense.} 31. Nxe7+ (31. Nxb8 Bf5 $14) 31... Kh8) 31. Qxe7 $18 {White is clearly winning.} Nd7 32. b6 Qc8 33. Nxb8 Nxb8 34. Qxd6 Qc4 35. Qc7 Qxc7 36. bxc7 Nd7 37. Rb1 Ba6 38. Bd4 Bxd4+ 39. cxd4 Rc8 40. d6 {Black got outplayed after the opening.  Weighted Error Value: White=0.10 (very precise) /Black=0.50} 1-0

[Event "MPL 47th National Women Chess-ch 2022"]
[Site "Odisha"]
[Date "2022.02.25"]
[Round "1.11"]
[White "Pammi, Rani"]
[Black "Arpita, Mukherjee"]
[Result "0-1"]
[WhiteElo "1455"]
[BlackElo "2260"]
[Annotator "ChessBase"]
[PlyCount "36"]
[EventDate "2022.02.25"]
[EventCountry "IND"]
[SourceTitle "playchess.com"]
[Source "ChessBase"]
[SourceQuality "1"]
[TimeControl "5400+30"]

1. e4 {[%emt 0:00:06]} c5 {[%emt 0:01:19]} 2. Nf3 {[%emt 0:00:40]} d6 {[%emt 0:00:07]} 3. d4 {[%emt 0:00:22]} cxd4 {[%emt 0:00:07]} 4. Nxd4 {[%emt 0:00:07]} Nf6 {[%emt 0:00:09]} 5. Nc3 a6 {[%emt 0:00:30]} 6. Be2 e5 {[%emt 0:00:30]} 7. Nb3 Be6 {[%emt 0:00:30]} 8. Be3 Be7 {[%emt 0:00:30]} 9. O-O O-O {[%emt 0:00:30]} 10. f4 exf4 {[%emt 0:00:30]} 11. Bxf4 Nc6 {[%emt 0:00:30]} 12. Kh1 b5 {[%emt 0:00:30]} 13. a3 Rc8 {[%emt 0:00:30]} 14. Rc1 Ne5 {[%emt 0:00:30]} 15. Bxe5 dxe5 {[%emt 0:00:30]} 16. Qxd8 Rfxd8 {[%emt 0:00:30]} 17. Nb1 Nxe4 {[%emt 0:00:30]} 18. Bf3 Nd6 {[%emt 0:00:30]} 0-1